Państwa które były w Imperium Hiszpańskim - Statystyki

Ogólne statystyki
  • Ten quiz został rozwiązany 37 razy
  • Średni wynik to 37 z 52
Statystyki odpowiedzi
Kontynent Państwo % Poprawnych
Afryka Maroko
96%
Europa Portugalia
96%
Europa Andora
92%
Ameryka Południowa Argentyna
92%
Europa Francja
92%
Europa Włochy
92%
Ameryka Południowa Brazylia
88%
Ameryka Południowa Chile
88%
Europa Hiszpania
88%
Ameryka Północna Kuba
88%
Ameryka Południowa Paragwaj
88%
Ameryka Południowa Boliwia
84%
Ameryka Północna Meksyk
84%
Ameryka Południowa Peru
84%
Australia i Oceania / Ameryka Północna Stany Zjednoczone
84%
Ameryka Południowa Wenezuela
84%
Ameryka Północna Dominikana
80%
Ameryka Południowa Ekwador
80%
Ameryka Południowa Kolumbia
80%
Ameryka Północna Nikaragua
80%
Ameryka Południowa Urugwaj
80%
Europa Belgia
76%
Ameryka Północna Gwatemala
76%
Europa Holandia
76%
Ameryka Północna Honduras
76%
Ameryka Północna Jamajka
76%
Ameryka Północna Kostaryka
76%
Europa Niemcy
76%
Ameryka Północna Salwador
76%
Ameryka Północna Haiti
72%
Europa Luksemburg
72%
Ameryka Północna Panama
72%
Azja Indie
68%
Azja Filipiny
64%
Azja Indonezja
64%
Azja Malezja
60%
Azja Bangladesz
56%
Afryka Mauretania
56%
Afryka Mozambik
56%
Azja Sri Lanka
56%
Azja Zjednoczone Emiraty Arabskie
56%
Ameryka Północna Bahamy
52%
Azja Oman
52%
Afryka Republika Zielonego Przylądka
52%
Ameryka Północna Trynidad i Tobago
52%
Afryka Angola
48%
Afryka Kenia
48%
Afryka Ghana
44%
Afryka Gwinea Bissau
44%
Afryka Tanzania
44%
Azja Bahrajn
36%
Australia i Oceania Mikronezja
36%
Nie znaleziono quizów pasujących do podanych kryteriów
Rozkład punktacji
Procent ludzi z każdym wynikiem
Percentyl według liczby udzielonych odpowiedzi
Twoja historia wyników
Nie rozwiązałeś tego quizu